इसे छोड़कर सामग्री पर बढ़ने के लिए
VuFind
भाषा
English
Deutsch
Español
Français
Italiano
日本語
Nederlands
Português
Português (Brasil)
中文(简体)
中文(繁體)
Türkçe
עברית
Gaeilge
Cymraeg
Ελληνικά
Català
Euskara
Русский
Čeština
Suomi
Svenska
polski
Dansk
slovenščina
اللغة العربية
বাংলা
Galego
Tiếng Việt
Hrvatski
हिंदी
सभी फ़ील्ड्स
शीर्षक
लेखक
विषय
बोधानक
आईएसबीएन / आईएसएसएन
टैग
खोज
उन्नत
खोज
Nammude Kalakal
इसे उद्धृत करें
इसे ईमेल करें
प्रिंट
निर्यात रिकॉर्ड
को निर्यात RefWorks
को निर्यात EndNoteWeb
को निर्यात EndNote
permanent_link
लोड हो रहा है...
Nammude Kalakal
other_versions_link
ग्रंथसूची विवरण
मुख्य लेखक:
Narayanan Kavumbayi
प्रकाशित:
D C Books
होल्डिंग्स
विवरण
other_versions_title
समान संसाधन
स्टाफ के लिए
LEADER
00186 a2200097 4500
020
260
|b
D C Books
942
|c
BK
|6
_
245
|a
Nammude Kalakal
100
|a
Narayanan Kavumbayi
999
|c
65005
|d
65005
समान संसाधन
Nammude kalakal
द्वारा: Narayanan Kavumbayi
प्रकाशित: (2009)
Nammude kalakal
द्वारा: Narayanan Kavumbai
प्रकाशित: (2009)
നമ്മുടെ കലകൾ (Nammude Kalakal)
द्वारा: നാരായണൻ കാവുമ്പായി (Narayanan kavumbayi)
प्रकाशित: (2019)
Nammude kalakal /
द्वारा: Prabhakaran, K.V
प्रकाशित: (2010)
Nammude kalakal /
द्वारा: Prabhakaran, K. V.
प्रकाशित: (2010)
लोड हो रहा है...